书目信息 |
| 题名: |
清季野史
|
|
| 作者: | 胡寄尘 编 | |
| 分册: | ||
| 出版信息: | 长沙 岳麓书社 1985 |
|
| 页数: | 362页 | |
| 开本: | 19cm | |
| 丛书名: | ||
| 单 册: | ||
| 中图分类: | K252.06 | |
| 科图分类: | ||
| 主题词: | 中国--历史--1840~1949 | |
| 电子资源: | ||
| ISBN: | ||
| 000 | 00648nam0 2200253 45 | |
| 001 | 0185008681 | |
| 005 | 20040506152143.7 | |
| 010 | @dCNY1.65 | |
| 091 | @b11285.59 | |
| 100 | @a19901008d1985 em y0chiy0121 ea | |
| 101 | 0 | @achi |
| 102 | @aCN@b430000 | |
| 105 | @ay z 000yy | |
| 106 | @ar | |
| 200 | 10 | @a清季野史@Aqing ji ye shi@f胡寄尘编 |
| 210 | @a长沙@c岳麓书社@d1985 | |
| 215 | @a362页@d19cm | |
| 300 | @a近世文史资料 | |
| 606 | 0 | @a中国@x历史@z1840~1949 |
| 690 | @aK252.06 | |
| 701 | 0 | @a胡寄尘@Ahu ji chen@4编 |
| 801 | 0 | @aCN@b深圳图书馆@c20040506 |
| 801 | 2 | @aCN@bNLC@c20040506 |
| 905 | @f2@b257917-918@dK252.06@e15 | |
| 清季野史/胡寄尘编.-长沙:岳麓书社,1985 |
| 362页;19cm |
| 近世文史资料 |
| ISBN :CNY1.65 |
| ● |
| 相关链接 |
|
|
|
|
正题名:清季野史
索取号:K252.06/15
 
预约/预借
| 序号 | 登录号 | 条形码 | 馆藏地/架位号 | 状态 | 备注 |
| 1 | 0257916 | 000752901 | 第二样本阅览室/ [索取号:K252.06/15] | 在馆 | |
| 2 | 0257917 | 000752910 | 第二借阅区/ [索取号:K252.06/15] | 在馆 | |
| 3 | 0257918 | 000752929 | 第二借阅区/ [索取号:K252.06/15] | 在馆 |